Formuła 1: Tory cz.2 - Statystyki

Ogólne statystyki
  • Ten quiz został rozwiązany 927 razy
  • Średni wynik to 9 z 16
Statystyki odpowiedzi
Obrazkowy Odpowiedź % Poprawnych
Sakhir
86%
Monaco
84%
Silverstone
84%
Las Vegas
83%
Barcelona-Catalunya
82%
Losail
76%
Shanghai
74%
Imola
71%
Interlagos
68%
Hockenheimring
51%
Nurburgring
46%
Korea
22%
Valencia
16%
Zolder
10%
Watkins Glen
9%
Long Beach
7%
Nie znaleziono quizów pasujących do podanych kryteriów
Rozkład punktacji
Procent ludzi z każdym wynikiem
Percentyl według liczby udzielonych odpowiedzi
Twoja historia wyników
Nie rozwiązałeś tego quizu